| 000 | 00562nmm a22001937a 4500 | ||
|---|---|---|---|
| 005 | 20160525145547.0 | ||
| 008 | 150703b xxu||||| |||| 00| 0 spa d | ||
| 041 | _aspa | ||
| 082 | _aSE 150 | ||
| 100 |
_aSánchez Núñez, Grethel _910361 |
||
| 245 | _aInforme de práctica supervisada realizado en el Instituto Tecnológico de Costa Rica | ||
| 260 | _c2015 | ||
| 650 |
_aSECRETARIADO EJECUTIVO _910362 |
||
| 650 |
_aRECURSOS HUMANOS _910363 |
||
| 650 |
_aCOSTA RICA _910364 |
||
| 650 |
_aATENCIÓN AL CLIENTE _92068 |
||
| 650 |
_aARCHIVO _93521 |
||
| 942 | _cIP | ||
| 999 |
_c8230 _d8230 |
||